| 000 | 00871na a2200289 4500 | ||
|---|---|---|---|
| 001 | 18141 | ||
| 003 | MIRAKIL | ||
| 005 | 20181213154850.0 | ||
| 008 | 161112b tu 000 0 | ||
| 020 | _a9789755338439 | ||
| 040 |
_aMilas _btur _cTR-AnCHP |
||
| 041 | _atur | ||
| 082 |
_a923.3318 Top, Y. _bT66g 2016 |
||
| 090 | _a923.3318 Top,Y. T66g 2016 | ||
| 100 | _aTop, Yücel | ||
| 245 |
_aGünlerin bugün getirdği _bYücel Top anlatıyor _csöyleşi Hasan Tahsin Benli |
||
| 246 | _aYücel Top anlatıyor | ||
| 260 |
_aAnkara _bİmge _c2016 |
||
| 300 |
_a318 s. _bfotg. _c21 sm. |
||
| 500 | _aYapıt yazarından imzalıdır. | ||
| 600 |
_aTop, Yücel _xAnılar |
||
| 650 |
_aSendikacılar _xAnılar _zTürkiye |
||
| 650 |
_aSendikal örgütlenme _xTarih _zTürkiye |
||
| 651 |
_aTürkiye _xYakın tarih |
||
| 700 | _aBenli, Hasan Tahsin | ||
| 942 |
_2ddc _cBKS |
||
| 999 |
_c2250 _d2250 |
||